000 00723cam a2200205 i 4500
005 20260125112533.0
008 250721s2004 jo gr 000 0 ara d
020 _a9957114883
082 1 4 _a341.58
_bم و س
100 1 _aالموسى، محمد خليل
_eمؤلف.
245 1 0 _aإستخدام القوة في القانون الدولي المعاصر /
_cالدكتور محمد خليل الموسى.
250 _aالطبعه الاولى.
264 3 1 _aعمان :
_bدار وائل للنشر،
_c2004.
300 _a307 صفحة.
650 1 7 _aالقانون الدولي.
650 1 7 _aالتدخل الدولي.
650 1 7 _aالقوة.
942 _2ddc
_cBK
999 _c88938
_d88938